Les Circuits de Formule 1 de A à Z (ou presque) - Statistiques

Statistiques générales
  • Ce quiz a été pris 91 fois
  • Le résultat moyen est 9 sur 22
Statistiques - réponses
Lettre Circuits % Correct
M Circuit de Monaco, Monza...
95%
S Spa-Francorchamps, Silverstone Circuit...
91%
B Bahrein International Circuit, Circuit de Barcelona-Catalunya...
79%
I Imola, Interlagos...
76%
L Le Mans, Losail International Circuit...
59%
Z Zandvoort, Zolder...
58%
A Albert Park, Adelaïde...
48%
P Portimão, Circuit Paul Ricard...
47%
J Jarama, Jeddah Corniche Circuit...
42%
T TI Circuit Aida
41%
R Red Bull Ring, Reims-Gueux...
39%
N Nürburgring, Circuit de Nevers Magny-Cours...
38%
H Hungaroring, Hockenheimring...
35%
Y Yas Marina Circuit
35%
G Circuit Gilles-Villeneuve
21%
C Circuit de Catalunya, Circuit of the Americas...
20%
E Estoril, Autodromo Enzo e Dino Ferrari...
20%
D Donington Park, Detroit...
18%
K Korea International Circuit, Kyalami
17%
F Fuji International Speedway, Autodromo Fernanda Pires Da Silva
11%
V Valencia Street Circuit
5%
O Österreichring, Autodromo Oscar Alfredo Vasquez...
3%
Aucun quiz correspondant
Distribution des résultats
% des personnes avec chaque résultat
Percentile par nombre de réponses
Votre historique - résultats
Vous n’avez pas pris ce quiz